Statistiques concernant Qui suis-je ? Football 2023 #2

Cliquez ici pour prendre le quiz!

Statistiques générales

  • Ce quiz a été pris 816 fois
  • Le résultat moyen est 4 sur 8

Statistiques - réponses

Réponse% Correct
Alvarez
82%
Lopez
82%
Mendes
70%
Ikoné
65%
Mitoma
56%
Origi
39%
Mavididi
34%
Amrabat
20%

Distribution des résultats

Percentile par nombre de réponses

% des personnes avec chaque résultat

Votre développement - résultats

Vous n’avez pas pris ce quiz